LEADER 01497nam1-22003851i-450- 001 990005306150403321 005 20070322102420.0 035 $a000530615 035 $aFED01000530615 035 $a(Aleph)000530615FED01 035 $a000530615 100 $a19990604g19309999km-y0itay50------ba 101 0 $ager 102 $aDE 105 $aaf------00--- 200 1 $aLexikon fur Theologie und Kirche$fbegrundet von Michael Buchberger$ghrsg. von Josef Höfer und Karl Rahner 205 $a2. völlig neu bearb. Aufl. unter dem Protektorat von Michael Buchberger und Eugen Seiterich 210 $aFreiburg$cHerder$d1930- 215 $av., tav.$cill.$d25 cm 300 $aIl v. 11 è un indice 327 0 $a1.: A-Baronius$a2.: Barontus bis Cölestiner$a3.: Colet bis Faistenberger$a4.: Faith and Order bis Hannibaldis$a5.: Hannover bis Karterios$a6.: Karthago bis Marcellino$a7.: Marcellinus bis Paleotti$a8.: Palermo bis Roloff$a9.: Rom bis Tetzel$a10.: Teufel bis Zympern$a11.: Register- Grundregister- Fachregister- Autorenregister 610 0 $aTeologia cristiana 676 $a230.03$v21$zita 702 1$aBuchberger,$bMichael 702 1$aHöfer,$bJosef 702 1$aRahner,$bKarl 801 0$aIT$bUNINA$gRICA$2UNIMARC 901 $aBK 912 $a990005306150403321 952 $aIII AA 8$b41$fDCEC 952 $a230.03 BUC 1 (1-11)$bST.REL.816-826$fFLFBC 959 $aFLFBC 959 $aDCEC 996 $aLexikon fur Theologie und Kirche$9161440 997 $aUNINA LEADER 01247nam--2200373---450- 001 990003489780203316 005 20111125103830.0 010 $a978-88-902317-8-0 035 $a000348978 035 $aUSA01000348978 035 $a(ALEPH)000348978USA01 035 $a000348978 100 $a20110127d2010----km-y0itay50------ba 101 $aita 102 $aIT 105 $aa---||||001yy 200 1 $aOgliastro Marina e Licosa$enote di storia antica e medievale$efonti letterarie, archivistiche e bibliografiche$fFernando La Greca, Amedeo La Greca 210 $aAcciaroli$cCentro di promozione culturale per il Cilento$d2010 215 $a190 p.$cill.$d24 cm 300 $aNel Millennio della storia documentata di Ogliastro Marina 1008-2008 606 0 $aCilento$xStoria$2BNCF 676 $a945.74 700 1$aLA GRECA,$bFernando$0262094 701 1$aLA GRECA,$bAmedeo$0549165 801 0$aIT$bsalbc$gISBD 912 $a990003489780203316 951 $aHL C 37$b11107 DSA 951 $aXV.1.A. 1431$b222336 L.M.$cXV.1.A.$d00268651 959 $aBK 969 $aLOCA 979 $aDSA$b90$c20110127$lUSA01$h1257 979 $aIANNONE$b90$c20111125$lUSA01$h1038 996 $aOgliastro Marina e Licosa$91110914 997 $aUNISA LEADER 01465nam0 22003613i 450 001 VAN0268072 005 20240318115147.145 017 70$2N$a9781461299400 100 $a20231129d1977 |0itac50 ba 101 $aeng 102 $aUS 105 $a|||| ||||| 200 1 $aDifferential Forms$eA Heuristic Introduction$fM. Schreiber 210 $aNew York$cSpringer$d1977 215 $ax, 150 p.$d24 cm 410 1$1001VAN0024506$12001 $aUniversitext$1210 $aBerlin [etc]$cSpringer$d1930- 606 $a26-XX$xReal functions [MSC 2020]$3VANC019778$2MF 606 $a26Axx$xFunctions of one variable [MSC 2020]$3VANC020406$2MF 610 $aDifferential Forms$9KW:K 610 $aExterior derivatives$9KW:K 610 $aIntegration$9KW:K 610 $aManifolds$9KW:K 620 $aUS$dNew York$3VANL000011 700 1$aSchreiber$bMorris$3VANV220286$050446 712 $aSpringer $3VANV108073$4650 801 $aIT$bSOL$c20240614$gRICA 856 4 $uhttps://doi.org/10.1007/978-1-4612-9940-0$zE-book ? Accesso al full-text attraverso riconoscimento IP di Ateneo, proxy e/o Shibboleth 899 $aBIBLIOTECA DEL DIPARTIMENTO DI MATEMATICA E FISICA$1IT-CE0120$2VAN08 912 $fN 912 $aVAN0268072 950 $aBIBLIOTECA DEL DIPARTIMENTO DI MATEMATICA E FISICA$d08CONS e-book 7367 $e08eMF7367 20231204 996 $aDifferential Forms$9340355 997 $aUNICAMPANIA